| 000 | 00883nam a2200229Ia 4500 | ||
|---|---|---|---|
| 003 | GCL | ||
| 008 | 140319s9999 xx 000 0 ara d | ||
| 040 |
_aGCL / _cGCL |
||
| 082 | 0 | 4 |
_a296.39 _bج م |
| 100 | 1 | _aجبر هلول | |
| 245 | 1 | 0 |
_aالمواثيق والعهود عند يهود ومفهوم السلام : _bدراسة تحليلية نقدية من خلال الكتاب المقدس والقران الكريم والسنة النبوية / _cجبر هلول |
| 250 | _aالاولى | ||
| 260 |
_aبيروت : _bدار الامام مالك ، _c2005 |
||
| 300 |
_a132 ص ؛ _c18 سم |
||
| 650 | 0 | 4 | _aاليهودية |
| 650 | 0 | 4 | _aالعهد القديم |
| 650 | 0 | 4 | _aالتلمود |
| 650 | 0 | 4 | _aالاسلام واليهودية |
| 650 | 0 | 4 | _aالمسيحية واليهودية |
| 650 | 0 | 4 | _aبروتوكولات حكماء صهيون |
| 942 |
_2ddc _cBK |
||
| 999 |
_c8139 _d8139 |
||